000 00512nam a2200169Ia 4500
020 _a0195215613 (cloth)
020 _a0195215621 (pbk.)
040 _cJBR
082 _a338 OXF 1999 A075 Or.
245 0 0 _aHuman development report 1999.
260 _aNew York ;
_aOxford :
_bOxford University Press,
_c1999.
300 _axiv, 262 p. :
_bill. ;
_c28 cm.
500 _aPublished for the United Nations Development Programme (UNDP).
650 0 _aEconomic development
710 2 _aUnited Nations.
942 _cEK
999 _c15292
_d15292